History Quiz

Random History or Country Quiz
Score 0/20 Timer 04:00
0 Plays Today
Question Answer Wrong Answers
Queen Victoria United Kingdom
98.7%
Netherlands
0.4%
Norway
0.3%
Finland
0.1%
Slobodan Milošević Yugoslavia
96.6%
Vietnam
0.4%
Lithuania
1.3%
Greece
0.7%
Benjamin Netanyahu Israel
94.8%
Russia
0%
Ecuador
1.2%
South Africa
2.9%
Yasser Arafat Palestine
92.3%
Iraq
4.2%
Persia
0.9%
Algeria
1.2%
Hosni Mubarak Egypt
86.6%
Saudi Arabia
2.2%
Turkey
6.4%
Ottoman Empire
2.6%
Charles Michel Belgium
85.4%
Denmark
6.8%
Finland
3.4%
Slovenia
2.4%
James Monroe United States
80.9%
Canada
5.6%
Australia
6.1%
New Zealand
5.4%
Justin I Byzantine Empire
78.9%
England
5.2%
Morocco
4.4%
France
9.2%
Mswati III eSwatini
78.4%
Ethiopia
9.4%
Benin
2.9%
Uganda
6.9%
Nicolás Maduro Venezuela
77.5%
Mexico
9.6%
Argentina
9.3%
Aztec
1%
Atal Bihari Vajpayee India
73.6%
Kuwait
5.5%
Saudi Arabia
2%
Turkmenistan
15.8%
Otto the Great Holy Roman Empire
73.2%
Russia
14.3%
Serbia
7.3%
Portugal
2.2%
Jacob Zuma South Africa
69.4%
Dem Rep of the Congo
17.4%
Madagascar
2.5%
Tanzania
7.3%
Mohammed bin Salman Saudi Arabia
69.2%
Kuwait
12.5%
Iran
9%
Sudan
6.4%
Mackenzie King Canada
67%
Ireland
11.8%
St Kitts and Nevis
14.9%
Palau
3%
Pericles Athens
66.3%
Macedonia
9.2%
Etruscan
3.8%
Persian Empire
17.5%
Alberto Fujimori Peru
49.6%
Japan
34.5%
Spain
1.1%
Fiji
11.4%
Violeta Chamorro Nicaragua
45.9%
Brazil
19.9%
Grenada
19%
Equatorial Guniea
11.6%
Joko Widodo Indonesia
43.7%
Taiwan
12.2%
Bangladesh
13.9%
Laos
26.7%
Bhumibol Adulyadej Thailand
38.4%
Central African Republic
25.1%
Tajikistan
26%
eSwatini
6.8%
Remove Ads.
Support Sporcle.
Get the best of Sporcle when you Go Orange. This ad-free experience offers more features, more stats, and more fun while also helping to support Sporcle. Thank you for becoming a member.

You're not logged in!

Compare scores with friends on all Sporcle quizzes.
OR
Log In

Show Comments

Extras

Top Quizzes Today


Score Distribution

Your Account Isn't Verified!

In order to create a playlist on Sporcle, you need to verify the email address you used during registration. Go to your Sporcle Settings to finish the process.

Report this User

Report this user for behavior that violates our Community Guidelines.

Details: